Angels of light? (Record no. 52874)
[ view plain ]
| 000 -LEADER | |
|---|---|
| fixed length control field | 01488nam a2200349Ia 4500 |
| 245 00 - TITLE STATEMENT | |
| Title | Angels of light? |
| 260 ## - PUBLICATION, DISTRIBUTION, ETC. (IMPRINT) | |
| Place of publication | Leiden ; |
| -- | Boston : |
| Name of publisher | Brill, |
| Year of publication | 2013. |
| 300 ## - PHYSICAL DESCRIPTION | |
| Number of Pages | xiv, 306 p. : |
| Other physical details | ill. |
| 650 #0 - SUBJECT ADDED ENTRY--TOPICAL TERM | |
| Topical Term | Angels |
| Topical Term | Demonology |
| Topical Term | Devil |
| 700 1# - ADDED ENTRY--PERSONAL NAME | |
| Personal name | Copeland, Clare. |
| Personal name | Machielsen, Jan. |
| 856 40 - ELECTRONIC LOCATION AND ACCESS | |
| Uniform Resource Identifier | http://site.ebrary.com/lib/rucke/Doc?id=10631696 |
No items available.
